Loading...
| Fine Arts - Other | 0 | 8 | 0 | 0 | 80 | 25 | 61.25 | 4 | 7 | 0.00 | 0.00 |
| Fine Arts - Classical Music | 0 | 8 | 2 | 1 | 70 | 19 | 55.50 | 3 | 7 | 0.00 | 0.00 |
| Social Science | 0 | 5 | 0 | 1 | 50 | 35 | 60.20 | 3 | 5 | 0.00 | 0.00 |
| History - American | 0 | 5 | 1 | 1 | 45 | 24 | 51.40 | 0 | 4 | 0.00 | 0.00 |
| Literature - British | 0 | 5 | 2 | 1 | 40 | 45 | 64.20 | 1 | 4 | 0.00 | 0.00 |
| Mythology | 0 | 4 | 1 | 0 | 35 | 32 | 61.50 | 2 | 2 | 0.00 | 0.00 |
| Literature - European | 0 | 3 | 0 | 1 | 30 | 28 | 65.00 | 1 | 2 | 0.00 | 0.00 |
| History - European | 0 | 3 | 0 | 0 | 30 | 25 | 27.33 | 2 | 3 | 0.00 | 0.00 |
| History - World | 0 | 3 | 0 | 0 | 30 | 29 | 61.67 | 0 | 3 | 0.00 | 0.00 |
| Philosophy | 0 | 3 | 0 | 0 | 30 | 27 | 49.00 | 1 | 3 | 0.00 | 0.00 |
| Popular Culture | 0 | 2 | 0 | 0 | 20 | 71 | 87.00 | 0 | 0 | 0.00 | 0.00 |
| Science - Chemistry | 0 | 2 | 0 | 0 | 20 | 59 | 64.50 | 1 | 2 | 0.00 | 0.00 |
| Current Events | 0 | 2 | 1 | 1 | 15 | 61 | 84.50 | 0 | 1 | 0.00 | 0.00 |
| Literature - World | 0 | 2 | 1 | 0 | 15 | 32 | 52.50 | 1 | 2 | 0.00 | 0.00 |
| Science - Biology | 0 | 1 | 0 | 0 | 10 | 61 | 61.00 | 0 | 1 | 0.00 | 0.00 |
| Fine Arts - Painting and Sculpture | 0 | 1 | 0 | 0 | 10 | 88 | 88.00 | 0 | 0 | 0.00 | 0.00 |
| Science - Physics | 0 | 1 | 0 | 0 | 10 | 63 | 63.00 | 0 | 0 | 0.00 | 0.00 |
| Science - Other | 0 | 1 | 0 | 1 | 10 | 111 | 111.00 | 0 | 0 | 0.00 | 0.00 |
| Literature - American | 0 | 1 | 0 | 0 | 10 | 92 | 92.00 | 0 | 0 | 0.00 | 0.00 |
| Religion | 0 | 1 | 1 | 0 | 5 | 56 | 56.00 | 0 | 1 | 0.00 | 0.00 |
| Geography | 0 | 1 | 1 | 0 | 5 | 37 | 37.00 | 1 | 1 | 0.00 | 0.00 |
| History - Other | 0 | 0 | 2 | 0 | -10 | 0.00 | 0 | 0 | 0.00 | 0.00 |